Les Héros de l'Olympe-Quiz sur les glossaires - Statistiques

Statistiques générales
  • Ce quiz a été pris 107 fois
  • Le résultat moyen est 18 sur 25
Statistiques - réponses
Définition Elément % Correct
dans la mythologie grecque, cheval ailé divin engendré par Poséidon en sa qualité de dieu des chevaux et mis au monde par la gorgone Méduse Pégase
93%
fleuve marquant la frontière entre la Terre et les Enfers Styx
91%
déesse de l'arc-en-ciel et messagère des dieux Iris
90%
force magique qui masque certaines choses aux yeux des mortels Brume
89%
nymphe et déesse de l'île mythique d'Ogygie, fille du Titan Atlas.Elle a retenu le héros Ulysse sur son île pendant des années Calypso
87%
groupe de puissantes divinités grecques, descendantes de Gaia et d'Ouranos, qui régnèrent durant l'Age d'or et furent renversées par une nouvelle génération de dieux, les Olympiens Titans
85%
réseau souterrain construit à l'origine sur l'île de Crète par l'inventeurDédale, pour y emprisonner le Minotaure (moitie taureau, moitié homme) Labyrinthe
84%
dans la mythologie grecque, un groupe de héros mené par Jason, parti en quête de la Toison d'or à bord de l'Argo Argonautes
79%
centre d'entraînement des demi-dieux romains, situé en Californie,entre les collines d'Oakland et celles de Berkeley Camp Jupiter
79%
liquide doré qui est le sang des dieux et des immortels Ichor
78%
louve romaine sacrée qui allaita les jumeaux abandonnés Romulus et Rémus Lupa
76%
nom de l'épée de Percy Jackson Turbulence
75%
centre d'entraînement des demi-dieux grecs, situé à Long Island, dansl'Etat de New York Colonie des Sang-Mêlé
72%
temple dédié à la déesse Athéna, à l'Acropole d'Athènes. Sa construction a commencé en 447 avant J.-C, quand l'Empire athénien était à son apogée Parthénon
72%
"le Sénat et le peuple de Rome"; la formule se rapporte augouvernement de la République Romaine et sert d'emblème officiel de Rome SPQR: Senatus Poulusque Romanus
72%
pièce d'argent de la Grèce antique Drachme
71%
bénédiction accordée par Aphrodite à ses enfants, qui leur permet deconvaincre en usant de leur voix Enjôlement
66%
métal rare, mortel pour les monstres; consacré au Panthéon; sonexistence était un secret jalousement gardé par les empereurs Or impérial
64%
ville voisine du Camp Jupiter où les demi-dieux peuvent vivre ensembleen paix, sans intrusion ni de mortels ni de monstres Nouvelle-Rome
63%
nymphes aquatiques Naiades
58%
moyen de transport propre aux créatures des Enfers et aux enfants d'Hadès qui leur permet de se rendre n'importe où sur terre ou dans les Enfers, au prix cependant d'une grande fatigue Vol d'ombre
58%
nymphes des arbres Dryades
54%
principale unité de l'armée romaine, composée de troupes d'infanterie et de cavalerie Légion
54%
poignard de Piper, qui avait jadis appartenu à Hélène de Troie Katoptris
42%
passage secret qui, ouvert, permet aux âmes d'aller des Enfers au monde des mortels Porte de la Mort
20%
Aucun quiz correspondant
Distribution des résultats
% des personnes avec chaque résultat
Percentile par nombre de réponses
Votre historique - résultats
Vous n’avez pas pris ce quiz